[Event "30th Cracovia Festival-A 2019"]
[Site "Krakow"]
[Date "2019.12.29"]
[Round "4.11"]
[White "Evchin, Maxim"]
[Black "Lewtak, Damian"]
[Result "1-0"]
[WhiteElo "2315"]
[BlackElo "2379"]
[Annotator "NA"]
[PlyCount "117"]
[EventDate "2019.12.27"]
[EventCountry "POL"]
[SourceTitle "playchess.com"]
[Source "ChessBase"]
[SourceQuality "1"]

1. e4 g6 2. d4 Bg7 3. Nc3 c6 4. h3 d6 5. Be3 b5 6. Nf3 b4 7. Nb1 Nf6 8. Nbd2 a5 9. a3 Bb7 10. Bd3 O-O 11. O-O e6 12. e5 Nd5 13. Bg5 Qc7 14. exd6 Qxd6 15. Ne4 Qc7 16. Bh4 Nd7 17. Bg3 Qb6 18. c4 bxc3 19. bxc3 Ba6 20. c4 N5f6 21. Rb1 Qa7 22. Nxf6+ Bxf6 23. c5 Rfd8 24. Bxa6 Qxa6 25. Qc2 Ra7 26. Bd6 Rda8 27. a4 Bd8 28. Rb3 Rb7 29. Rfb1 Rxb3 30. Qxb3 Nf6 31. Ne5 Nd5 32. Qb7 Qxb7 33. Rxb7 Nc3 34. Nxc6 Nxa4 35. Na7 Nc3 36. c6 Nd5 37. c7 Nxc7 38. Bxc7 Bxc7 39. Rxc7 a4 40. Nb5 a3 41. Rc1 Ra4 42. Ra1 Rb4 43. Nxa3 Rxd4 44. g3 Kg7 45. Kg2 h5 46. h4 Rd7 47. Nb5 Rb7 48. Nd6 Rd7 49. Ne4 Rb7 50. Ra8 Rd7 51. Rc8 Rd4 52. Kf3 Rd3+ 53. Ke2 Rd7 54. Ke3 Ra7 55. Rd8 Ra3+ 56. Rd3 Ra5 57. Rd7 Re5 58. f4 Ra5 59. Nd6 1-0

[Event "30th Cracovia Festival-A 2019"]
[Site "Krakow"]
[Date "2019.12.29"]
[Round "4.12"]
[White "Kozak, Antoni"]
[Black "Kasperek, Ryszard"]
[Result "1-0"]
[WhiteElo "2372"]
[BlackElo "2197"]
[Annotator "NA"]
[PlyCount "69"]
[EventDate "2019.12.27"]
[EventCountry "POL"]
[SourceTitle "playchess.com"]
[Source "ChessBase"]
[SourceQuality "1"]

1. Nf3 Nf6 2. c4 c5 3. Nc3 e6 4. g3 b6 5. Bg2 Bb7 6. O-O Be7 7. d4 cxd4 8. Qxd4 d6 9. Bg5 h6 10. Bxf6 Bxf6 11. Qf4 Bxc3 12. bxc3 Qc7 13. Rfd1 e5 14. Qg4 g6 15. Rd2 Nc6 16. c5 bxc5 17. Rad1 Rd8 18. Qh4 Qe7 19. Qa4 O-O 20. Ne1 Qc7 21. Nc2 Ne7 22. Bxb7 Qxb7 23. Rxd6 Rxd6 24. Rxd6 Qb1+ 25. Kg2 Qb7+ 26. e4 Nc8 27. Rc6 Nb6 28. Qb5 Rc8 29. Rxc8+ Qxc8 30. Ne3 h5 31. a4 Qa8 32. Kf3 f5 33. a5 Qxe4+ 34. Ke2 Nd5 35. Qe8+ 1-0

[Event "30th Cracovia Festival-A 2019"]
[Site "Krakow"]
[Date "2019.12.29"]
[Round "4.13"]
[White "Grabowski, Pawel"]
[Black "Fus, Jakub"]
[Result "1/2-1/2"]
[WhiteElo "2281"]
[BlackElo "2363"]
[Annotator "NA"]
[PlyCount "92"]
[EventDate "2019.12.27"]
[EventCountry "POL"]
[SourceTitle "playchess.com"]
[Source "ChessBase"]
[SourceQuality "1"]

1. d4 Nf6 2. c4 e6 3. Nf3 d5 4. Nc3 c6 5. e3 Nbd7 6. Be2 dxc4 7. Bxc4 b5 8. Be2 Bd6 9. a4 b4 10. Nb1 O-O 11. Nbd2 c5 12. Nc4 Qc7 13. O-O Bb7 14. Nxd6 Qxd6 15. b3 Rfd8 16. Bb2 Ne4 17. Rc1 Rac8 18. Nd2 Nxd2 19. Qxd2 Ne5 20. f3 Nc6 21. Rfd1 cxd4 22. exd4 Ne7 23. Rxc8 Rxc8 24. Rc1 Rxc1+ 25. Qxc1 Bd5 26. Bc4 f6 27. Bxd5 exd5 28. g3 Kf7 29. Qc2 Qe6 30. Kg2 Qf5 31. Qxf5 Nxf5 32. Kf2 h5 33. h3 g5 34. g4 Ne7 35. Bc1 hxg4 36. hxg4 Nc6 37. Ke3 Kg6 38. Bd2 f5 39. gxf5+ Kxf5 40. Be1 g4 41. fxg4+ Kxg4 42. Kd3 Kf3 43. Bh4 a6 44. Be1 Kf4 45. Bd2+ Kf3 46. Be1 Kf4 {Ke4+ Ke5+} 1/2-1/2

[Event "30th Cracovia Festival-A 2019"]
[Site "Krakow"]
[Date "2019.12.29"]
[Round "4.14"]
[White "Webersberger, Johann"]
[Black "Jankowiak, Tomasz"]
[Result "1/2-1/2"]
[WhiteElo "2358"]
[BlackElo "2111"]
[Annotator "NA"]
[PlyCount "70"]
[EventDate "2019.12.27"]
[EventCountry "POL"]
[SourceTitle "playchess.com"]
[Source "ChessBase"]
[SourceQuality "1"]

1. c4 e5 2. Nc3 Nf6 3. g3 d5 4. cxd5 Nxd5 5. Bg2 Nb6 6. Nf3 Nc6 7. O-O Be7 8. Rb1 a5 9. b3 O-O 10. Bb2 Be6 11. d3 f6 12. Nd2 Nd5 13. Na4 b5 14. Nc3 Nxc3 15. Bxc3 Bd5 16. Qc2 Bb4 17. Bxd5+ Qxd5 18. Nf3 Bxc3 19. Qxc3 Nd4 20. Nxd4 exd4 21. Qxc7 Rfc8 22. Qf4 Rc2 23. Rbc1 Rxe2 24. Rc7 Qe5 25. Qxe5 fxe5 26. Rb7 b4 27. Rc1 Kh8 28. Ra7 Rf8 29. Rxa5 h6 30. Rc7 Rfxf2 31. Rxe5 Rg2+ 32. Kf1 Rgf2+ 33. Kg1 Rg2+ 34. Kf1 Ref2+ 35. Ke1 Rxa2 1/2-1/2

[Event "30th Cracovia Festival-A 2019"]
[Site "Krakow"]
[Date "2019.12.29"]
[Round "4.15"]
[White "Farkas, Gabor"]
[Black "Szpar, Milosz"]
[Result "1-0"]
[WhiteElo "2357"]
[BlackElo "2291"]
[Annotator "NA"]
[PlyCount "74"]
[EventDate "2019.12.27"]
[EventCountry "POL"]
[SourceTitle "playchess.com"]
[Source "ChessBase"]
[SourceQuality "1"]

1. d4 Nf6 2. Nf3 e6 3. Bf4 d5 4. e3 Bd6 5. Ne5 O-O 6. Bd3 c5 7. c3 Nc6 8. Bg3 Qc7 9. f4 b6 10. O-O Ne7 11. Bh4 Ne4 12. Bxe7 Qxe7 13. Nd2 Nxd2 14. Qxd2 Bb7 15. Qe2 c4 16. Bc2 b5 17. Rf3 f5 18. Rh3 Bxe5 19. fxe5 g6 20. Kh1 Bc6 21. g4 b4 22. gxf5 gxf5 23. cxb4 Rab8 24. a3 a5 25. Qh5 axb4 26. axb4 Rxb4 27. Rg1+ Kh8 28. Rhg3 Rbb8 29. Qh6 Rg8 30. Bxf5 Rxg3 31. Rxg3 exf5 32. Qxc6 Rd8 33. Kg2 Qf7 34. Rg5 Rf8 35. Qh6 Rb8 36. Kf3 Rf8 37. Kf4 Rg8 {Ke4} 1-0

[Event "30th Cracovia Festival-A 2019"]
[Site "Krakow"]
[Date "2019.12.29"]
[Round "4.16"]
[White "Miroshnichenko, Pavel"]
[Black "Kyc, Jerzy"]
[Result "1/2-1/2"]
[WhiteElo "2270"]
[BlackElo "2340"]
[Annotator "NA"]
[PlyCount "51"]
[EventDate "2019.12.27"]
[EventCountry "POL"]
[SourceTitle "playchess.com"]
[Source "ChessBase"]
[SourceQuality "1"]

1. e4 c5 2. Nf3 d6 3. d4 cxd4 4. Nxd4 Nf6 5. Nc3 a6 6. f4 e5 7. Nf3 Nbd7 8. Bc4 Be7 9. a4 O-O 10. O-O Qc7 11. Qe2 b6 12. Nh4 Nc5 13. fxe5 dxe5 14. Nf5 Bxf5 15. exf5 Rfd8 16. Bg5 h6 17. Bxf6 Bxf6 18. b4 Nxa4 19. Rxa4 b5 20. Nxb5 axb5 21. Rxa8 Rxa8 22. Bxb5 Be7 23. Kh1 Qc3 24. Bd3 Bxb4 25. f6 Ra1 26. fxg7 1/2-1/2

[Event "30th Cracovia Festival-A 2019"]
[Site "Krakow"]
[Date "2019.12.29"]
[Round "4.17"]
[White "Zherebtsova, Alexandra"]
[Black "Belous, Mikhail"]
[Result "0-1"]
[WhiteElo "2209"]
[BlackElo "2349"]
[Annotator "TA"]
[PlyCount "50"]
[EventDate "2019.12.27"]
[EventCountry "POL"]
[SourceTitle "playchess.com"]
[Source "ChessBase"]
[SourceQuality "1"]

{[%evp 16,60,47,32,33,30,52,35,50,36,42,-34,-30,-112,-56,-58,-64,-73,-60,-76,-73,-70,-67,-276,-241,-960,-959,-1003,-977,-963,-954,-29974,-29975,-29975,-29976,-29990,-29991,-29991,-29992,-29992,-29993,-29993,-29994,-29994,-29991,-29995,-29990]} 1. d4 Nf6 2. c4 g6 3. Nc3 Bg7 4. e4 d6 5. Nf3 O-O 6. h3 e5 7. d5 a5 8. g4 Na6 {[%cal Bb8a6,Ba6c5,Bc5d3][%mdl 32]} 9. Be3 Nd7 {E90: King's Indian: Classical: Early deviations and 6 h3} 10. a3 Nb6 11. Rg1 Bd7 {White is slightly better.} 12. h4 Nc5 13. Nd2 $146 ({White should try} 13. Bxc5 $14 dxc5 14. h5) ({Predecessor:} 13. b3 Kh8 14. a4 c6 15. dxc6 Bxc6 16. Bd3 Nbd7 17. Bc2 {½-½ (40) Tomashevsky,E (2696)-Saric,I (2618) Minsk 2017}) 13... Qxh4 $15 14. g5 {[#]} (14. Qf3 $11) 14... f5 (14... f6 $1 $17 15. Nf3 Qh5) 15. Qf3 fxe4 16. Qg2 Nd3+ 17. Bxd3 $1 exd3 18. Rh1 Qg4 19. Qh2 $2 (19. Qxg4 $1 $15 Bxg4 20. Rh4) 19... Nxc4 $19 20. f3 $2 (20. Nde4 Kf7 21. b3 d2+ 22. Bxd2 Nxd2 23. Kxd2) 20... Rxf3 $1 21. Nxf3 Nxe3 22. Kf2 e4 23. Kxe3 Qxf3+ {Black mates.} 24. Kd2 e3+ 25. Kxd3 Bf5+ 0-1

[Event "30th Cracovia Festival-A 2019"]
[Site "Krakow"]
[Date "2019.12.29"]
[Round "4.18"]
[White "Damen, Jip"]
[Black "Renman, Nils-Gustaf"]
[Result "1/2-1/2"]
[WhiteElo "2199"]
[BlackElo "2319"]
[Annotator "NA"]
[PlyCount "86"]
[EventDate "2019.12.27"]
[EventCountry "POL"]
[SourceTitle "playchess.com"]
[Source "ChessBase"]
[SourceQuality "1"]

1. e4 e6 2. d4 d5 3. Nc3 Nf6 4. e5 Nfd7 5. f4 c5 6. Nf3 Nc6 7. Be3 a6 8. Qd2 b5 9. a3 Qa5 10. dxc5 Bxc5 11. Bxc5 Nxc5 12. Nd4 Nxd4 13. Qxd4 Ne4 14. b4 Qc7 15. Nxe4 dxe4 16. c4 bxc4 17. Rc1 Bb7 18. Bxc4 O-O 19. O-O Rfd8 20. Qe3 Qd7 21. Bb3 Qd3 22. Rc3 Qxe3+ 23. Rxe3 Rac8 24. f5 Bd5 25. fxe6 fxe6 26. Rd1 Kf7 27. Rf1+ Ke7 28. Rd1 Rf8 29. h3 Bxb3 30. Rxb3 Rf5 31. b5 Rb8 32. Rg3 g6 33. bxa6 Rxe5 34. Rc3 Rb6 35. Rc7+ Kf6 36. a7 Ra5 37. Rxh7 Rba6 38. Re1 Rxa7 39. Rh4 Re5 40. Rf4+ Ke7 41. Rfxe4 Rxe4 42. Rxe4 Rxa3 43. Kf2 Kf6 1/2-1/2

[Event "30th Cracovia Festival-A 2019"]
[Site "Krakow"]
[Date "2019.12.29"]
[Round "4.19"]
[White "Brozyna, Mateusz"]
[Black "Morgunov, Marc"]
[Result "1-0"]
[WhiteElo "2188"]
[BlackElo "2311"]
[Annotator "NA"]
[PlyCount "101"]
[EventDate "2019.12.27"]
[EventCountry "POL"]
[SourceTitle "playchess.com"]
[Source "ChessBase"]
[SourceQuality "1"]

1. e4 c5 2. Ne2 d6 3. g3 Nf6 4. Bg2 g6 5. c3 e5 6. O-O Bg7 7. d4 O-O 8. h3 Qc7 9. Be3 Nbd7 10. a4 b6 11. Na3 a6 12. d5 c4 13. g4 h6 14. Ng3 Rb8 15. Qe2 b5 16. axb5 axb5 17. b3 Ba6 18. Nc2 cxb3 19. Rxa6 bxc2 20. Rc6 Qb7 21. Qxc2 Rfc8 22. Rxc8+ Rxc8 23. Rb1 Qa6 24. Bf1 Qa4 25. Qb3 Nc5 26. Bxc5 Rxc5 27. Bxb5 Qa5 28. c4 Qd2 29. Rd1 Qf4 30. Qe3 Kh7 31. Re1 h5 32. gxh5 Nxh5 33. Nxh5 Qxe3 34. Rxe3 gxh5 35. Ra3 Rc7 36. Kg2 Bf6 37. Ra6 Be7 38. f4 f6 39. f5 Kg7 40. Ra8 Bf8 41. Kg3 Kf7 42. Kh4 Bh6 43. Kxh5 Be3 44. Rd8 Bc5 45. Kh6 Ra7 46. h4 Rb7 47. Rd7+ Rxd7 48. Bxd7 Be3+ 49. Kh7 Bf2 50. Be6+ Kf8 51. h5 1-0

[Event "30th Cracovia Festival-A 2019"]
[Site "Krakow"]
[Date "2019.12.29"]
[Round "4.20"]
[White "Punin, Andrii"]
[Black "Zaleski, Lukasz"]
[Result "1/2-1/2"]
[WhiteElo "2311"]
[BlackElo "2207"]
[Annotator "TA"]
[PlyCount "53"]
[EventDate "2019.12.27"]
[EventCountry "POL"]
[SourceTitle "playchess.com"]
[Source "ChessBase"]
[SourceQuality "1"]

{[%evp 10,53,15,19,13,9,19,14,19,14,15,22,19,22,20,19,19,17,21,21,30,16,25,28,21,24,14,9,23,18,41,32,27,27,41,33,35,11,9,0,0,0,28,16,16,16]} 1. e4 e6 2. d4 d5 3. exd5 exd5 4. Nf3 Nf6 5. Bd3 Bd6 6. Qe2+ Be7 {C01: French: Exchange Variation} (6... Be6 7. c4 dxc4 8. Bxc4 Qe7 9. O-O O-O 10. Nc3 Re8 11. Bg5 h6 12. Bh4 Nbd7 13. Rfe1 Qf8 14. Bxe6 Rxe6 {0-1 (58) Carlsen,M (2832)-Grischuk,A (2750) chess.com INT 2017}) 7. O-O O-O 8. Re1 Re8 9. Bg5 {[#] Bxf6 is the strong threat.} Be6 10. c3 Nbd7 11. Qc2 h6 12. Bh4 $146 ({Predecessor:} 12. Bf4 c5 13. Nbd2 Qb6 14. Rab1 {1-0 (64) Gerola,G (2473)-Gaujens,A (2393) ICCF email 2007}) 12... Nh5 13. Bxe7 Qxe7 14. Nbd2 Nf4 15. Re3 Nf6 16. Bf5 Qd7 17. Bxe6 Nxe6 18. Ne5 Qd6 19. Rae1 Ng5 20. h4 Nge4 21. Nxe4 Nxe4 22. f3 Nf6 23. Ng4 {[#] Hoping for Nxf6+.} Rxe3 24. Rxe3 Nxg4 25. fxg4 Qd7 26. Qf5 Qxf5 27. gxf5 {Accuracy: White = 66%, Black = 70%.} 1/2-1/2

[Event "30th Cracovia Festival-A 2019"]
[Site "Krakow"]
[Date "2019.12.29"]
[Round "4.22"]
[White "Szustakowski, Antoni"]
[Black "Ramondino, Renzo"]
[Result "1-0"]
[WhiteElo "2299"]
[BlackElo "2186"]
[Annotator "NA"]
[PlyCount "61"]
[EventDate "2019.12.27"]
[EventCountry "POL"]
[SourceTitle "playchess.com"]
[Source "ChessBase"]
[SourceQuality "1"]

1. d4 Nf6 2. c4 g6 3. Nc3 Bg7 4. e4 d6 5. Be2 O-O 6. Bg5 c5 7. d5 h6 8. Be3 e6 9. Qd2 exd5 10. exd5 Kh7 11. h4 Bf5 12. Nh3 Re8 13. h5 g5 14. Bxg5 hxg5 15. Nxg5+ Kg8 16. h6 Bh8 17. h7+ Kf8 18. O-O-O Na6 19. Qf4 Qd7 20. Bd3 Bxd3 21. Rxd3 Nc7 22. Rf3 Re5 23. Rh6 Nce8 24. Nge4 Nxe4 25. Nxe4 Qe7 26. Rg6 Ng7 27. Rf6 Nf5 28. Rxf5 Rxf5 29. Qxf5 Re8 30. Qg6 Bg7 31. Qxd6 1-0

[Event "30th Cracovia Festival-A 2019"]
[Site "Krakow"]
[Date "2019.12.29"]
[Round "4.23"]
[White "Kopylov, Daniel"]
[Black "Lisowski, Krzysztof"]
[Result "1-0"]
[WhiteElo "2294"]
[BlackElo "2176"]
[Annotator "NA"]
[PlyCount "73"]
[EventDate "2019.12.27"]
[EventCountry "POL"]
[SourceTitle "playchess.com"]
[Source "ChessBase"]
[SourceQuality "1"]

1. e4 c5 2. Nf3 Nc6 3. d4 cxd4 4. Nxd4 Nf6 5. Nc3 e5 6. Ndb5 d6 7. Bg5 a6 8. Na3 b5 9. Bxf6 gxf6 10. Nd5 Bg7 11. c3 f5 12. exf5 Bxf5 13. Nc2 O-O 14. Nce3 Be6 15. Bd3 Ra7 16. O-O f5 17. Qh5 Raf7 18. f4 e4 19. Bc2 Qb8 20. Rad1 Qa7 21. Qh3 Re8 22. Kh1 Kh8 23. Bb3 Na5 24. Nb4 Nxb3 25. axb3 Bxb3 26. Rd2 a5 27. Nc6 Qc7 28. Nd4 Bc4 29. Re1 Bxd4 30. Rxd4 Be6 31. Qh5 Rff8 32. Qd1 Rd8 33. Nd5 Qf7 34. Re3 Rc8 35. Rg3 Rfd8 36. Rxe4 h6 37. Rxe6 1-0

[Event "30th Cracovia Festival-A 2019"]
[Site "Krakow"]
[Date "2019.12.29"]
[Round "4.24"]
[White "Bugalski, Michal"]
[Black "Bombek, Peter"]
[Result "1-0"]
[WhiteElo "2241"]
[BlackElo "2154"]
[Annotator "NA"]
[PlyCount "99"]
[EventDate "2019.12.27"]
[EventCountry "POL"]
[SourceTitle "playchess.com"]
[Source "ChessBase"]
[SourceQuality "1"]

1. e4 e6 2. d4 d5 3. Nd2 c5 4. exd5 exd5 5. Bb5+ Nc6 6. Ngf3 Qe7+ 7. Be2 Nf6 8. O-O cxd4 9. Nb3 Qc7 10. Nfxd4 a6 11. Re1 Be7 12. g3 O-O 13. Bf4 Bd6 14. Bxd6 Qxd6 15. c3 Bd7 16. Bf3 Ne5 17. Bg2 a5 18. a4 Nc4 19. Qc2 Rfe8 20. Nb5 Qb6 21. N3d4 h6 22. Rad1 Rxe1+ 23. Rxe1 Re8 24. Rxe8+ Bxe8 25. Qe2 Nd6 26. Nxd6 Qxd6 27. b3 Bd7 28. Nc2 Qb6 29. Nd4 Qd6 30. Bf3 g6 31. Nb5 Qe6 32. Qd2 Qf5 33. Nd4 Qh3 34. Qf4 Kg7 35. Qe5 Bc6 36. Nxc6 bxc6 37. b4 axb4 38. cxb4 Qe6 39. Qd4 Kh7 40. a5 Nd7 41. a6 Qe8 42. a7 Qa8 43. b5 c5 44. Qa1 Nb6 45. Qa6 Qd8 46. Qb7 c4 47. Bxd5 c3 48. Qxf7+ Kh8 49. Be4 Qg8 50. Qf6+ 1-0

[Event "30th Cracovia Festival-A 2019"]
[Site "Krakow"]
[Date "2019.12.30"]
[Round "5.1"]
[White "Vetoshko, Volodymyr"]
[Black "Tomczak, Jacek"]
[Result "1/2-1/2"]
[WhiteElo "2511"]
[BlackElo "2605"]
[Annotator "ChessBase"]
[PlyCount "24"]
[EventDate "2019.12.27"]
[EventCountry "POL"]
[SourceTitle "playchess.com"]
[Source "ChessBase"]
[SourceQuality "1"]
[TimeControl "40/5400+30:1800+30"]

1. e4 {[%emt 0:00:00]} c6 {[%emt 0:00:00]} 2. d4 {[%emt 0:00:00]} d5 {[%emt 0:00:00]} 3. exd5 {[%emt 0:00:00]} cxd5 {[%emt 0:00:00]} 4. Bd3 {[%emt 0:00:06]} Nc6 {[%emt 0:00:56]} 5. c3 {[%emt 0:00:11]} Nf6 {[%emt 0:00:46]} 6. Bf4 {[%emt 0:00:21]} Bg4 {[%emt 0:00:37]} 7. Qb3 {[%emt 0:00:08]} Qd7 {[%emt 0:00:46]} 8. Nd2 {[%emt 0:00:19]} e6 {[%emt 0:00:28]} 9. Ngf3 {[%emt 0:01:19]} Bd6 {[%emt 0:00:35]} 10. Bxd6 {[%emt 0:00:19]} Qxd6 {[%emt 0:00:27]} 11. O-O {[%emt 0:00:22]} O-O {[%emt 0:04:25]} 12. Rfe1 {[%emt 0:00:32]} Bxf3 {[%emt 0:11:20]} 1/2-1/2

[Event "30th Cracovia Festival-A 2019"]
[Site "Krakow"]
[Date "2019.12.30"]
[Round "5.2"]
[White "Moroni, Luca Jr"]
[Black "Girish, A. Koushik"]
[Result "1/2-1/2"]
[WhiteElo "2528"]
[BlackElo "2506"]
[Annotator "ChessBase"]
[PlyCount "106"]
[EventDate "2019.12.27"]
[EventCountry "POL"]
[SourceTitle "playchess.com"]
[Source "ChessBase"]
[SourceQuality "1"]
[TimeControl "40/5400+30:1800+30"]

1. c4 {[%emt 0:00:00]} e6 {[%emt 0:00:03]} 2. Nc3 {[%emt 0:00:00]} d5 {[%emt 0:00:04]} 3. d4 {[%emt 0:00:00]} Nf6 {[%emt 0:01:26]} 4. cxd5 {[%emt 0:00:00]} exd5 {[%emt 0:00:05]} 5. Bg5 {[%emt 0:00:00]} Be7 {[%emt 0:00:07]} 6. e3 {[%emt 0:00:00]} c6 {[%emt 0:00:05]} 7. Bd3 {[%emt 0:00:00]} Nbd7 {[%emt 0:00:14]} 8. Nf3 {[%emt 0:00:23]} Nh5 {[%emt 0:03:53]} 9. Bxe7 {[%emt 0:00:06]} Qxe7 {[%emt 0:00:04]} 10. O-O {[%emt 0:00:04]} g6 {[%emt 0:02:20]} 11. Qb1 {[%emt 0:02:25]} O-O {[%emt 0:05:15]} 12. b4 {[%emt 0:00:16]} Ndf6 {[%emt 0:03:18]} 13. b5 {[%emt 0:00:43]} c5 {[%emt 0:00:25]} 14. dxc5 {[%emt 0:00:30]} Qxc5 {[%emt 0:00:06]} 15. Qb3 {[%emt 0:02:28]} Bg4 {[%emt 0:02:13]} 16. Nd4 {[%emt 0:01:34]} Ng7 {[%emt 0:01:30]} 17. Rfc1 {[%emt 0:07:10]} Qd6 {[%emt 0:01:12]} 18. a3 {[%emt 0:03:39]} Ne6 {[%emt 0:07:41]} 19. Nxe6 {[%emt 0:04:39]} Bxe6 {[%emt 0:08:20]} 20. Qb4 {[%emt 0:05:24]} Qxb4 {[%emt 0:11:52]} 21. axb4 {[%emt 0:01:10]} Nd7 {[%emt 0:00:33]} 22. f4 {[%emt 0:08:27]} Rfc8 {[%emt 0:07:39]} 23. Ne2 {[%emt 0:04:56]} Nb6 {[%emt 0:00:32]} 24. Rxc8+ {[%emt 0:07:25]} Nxc8 {[%emt 0:00:23]} 25. Nd4 {[%emt 0:03:13]} Nd6 {[%emt 0:04:21]} 26. Kf2 {[%emt 0:09:38]} Kf8 {[%emt 0:03:33]} 27. Kf3 {[%emt 0:05:31]} Ke7 {[%emt 0:02:04]} 28. g4 {[%emt 0:03:07]} Bd7 {[%emt 0:01:15]} 29. Rc1 {[%emt 0:07:56]} Rc8 {[%emt 0:09:21]} 30. Rc5 {[%emt 0:01:03]} f6 {[%emt 0:02:01]} 31. h4 {[%emt 0:03:58]} b6 {[%emt 0:07:20]} 32. Rxd5 {[%emt 0:08:52]} Rc3 {[%emt 0:00:23]} 33. Ke2 {[%emt 0:02:17]} Bxg4+ {[%emt 0:00:50]} 34. Kd2 {[%emt 0:00:01]} Ra3 {[%emt 0:05:01]} 35. Nc6+ {[%emt 0:03:51]} Ke6 {[%emt 0:03:47]} 36. e4 {[%emt 0:00:21]} Bh3 {[%emt 0:03:55]} 37. Nd4+ {[%emt 0:00:37]} Ke7 {[%emt 0:00:06]} 38. Nc6+ {[%emt 0:00:05]} Ke6 {[%emt 0:00:05]} 39. Nd4+ {[%emt 0:00:53]} Ke7 {[%emt 0:00:05]} 40. e5 {[%emt 0:00:00]} fxe5 {[%emt 0:00:00]} 41. fxe5 {[%emt 0:06:10]} Nf7 {[%emt 0:07:26]} 42. Bc4 {[%emt 0:07:40]} Rg3 {[%emt 0:08:46]} 43. Nc6+ {[%emt 0:06:26]} Ke8 {[%emt 0:00:06]} 44. Rd4 {[%emt 0:01:18]} Rg4 {[%emt 0:01:47]} 45. Rxg4 {[%emt 0:07:01]} Bxg4 {[%emt 0:00:05]} 46. Ke3 {[%emt 0:01:09]} Nd8 {[%emt 0:02:21]} 47. Nxd8 {[%emt 0:02:47]} Kxd8 {[%emt 0:00:08]} 48. Kf4 {[%emt 0:00:10]} Bf5 {[%emt 0:01:16]} 49. Kg5 {[%emt 0:05:39]} Ke7 {[%emt 0:00:05]} 50. Kh6 {[%emt 0:00:47]} Kf8 {[%emt 0:00:11]} 51. Be2 {[%emt 0:01:58]} Be4 {[%emt 0:01:41]} 52. Bf1 {[%emt 0:00:06]} Bc2 {[%emt 0:01:14]} 53. Bc4 {[%emt 0:00:06]} Bb1 {[%emt 0:00:21]} 1/2-1/2

[Event "30th Cracovia Festival-A 2019"]
[Site "Krakow"]
[Date "2019.12.30"]
[Round "5.3"]
[White "Gumularz, Szymon"]
[Black "Tazbir, Marcin"]
[Result "1/2-1/2"]
[WhiteElo "2493"]
[BlackElo "2525"]
[Annotator "ChessBase"]
[PlyCount "48"]
[EventDate "2019.12.27"]
[EventCountry "POL"]
[SourceTitle "playchess.com"]
[Source "ChessBase"]
[SourceQuality "1"]
[TimeControl "40/5400+30:1800+30"]

1. c4 {[%emt 0:00:00]} Nf6 {[%emt 0:00:00]} 2. Nc3 {[%emt 0:00:00]} e5 {[%emt 0:00:14]} 3. g3 {[%emt 0:01:39]} Bc5 {[%emt 0:01:31]} 4. Bg2 {[%emt 0:01:37]} Nc6 {[%emt 0:00:19]} 5. e3 {[%emt 0:15:32]} a6 {[%emt 0:01:06]} 6. Nf3 {[%emt 0:05:07]} Ba7 {[%emt 0:00:54]} 7. O-O {[%emt 0:03:23]} O-O {[%emt 0:00:19]} 8. b3 {[%emt 0:00:28]} d6 {[%emt 0:00:44]} 9. Bb2 {[%emt 0:01:06]} h6 {[%emt 0:01:09]} 10. Qc2 {[%emt 0:03:15]} Be6 {[%emt 0:07:26]} 11. Rad1 {[%emt 0:17:45]} Qc8 {[%emt 0:06:19]} 12. Nh4 {[%emt 0:01:01]} g5 {[%emt 0:05:59]} 13. Nf3 {[%emt 0:01:31]} Bg4 {[%emt 0:00:46]} 14. d4 {[%emt 0:22:07]} Re8 {[%emt 0:27:11]} 15. Rd2 {[%emt 0:06:03]} Bf5 {[%emt 0:07:52]} 16. Qd1 {[%emt 0:02:03]} e4 {[%emt 0:00:22]} 17. Ne1 {[%emt 0:00:06]} g4 {[%emt 0:00:13]} 18. Ne2 {[%emt 0:05:33]} d5 {[%emt 0:06:42]} 19. Nf4 {[%emt 0:00:12]} Ne7 {[%emt 0:00:21]} 20. cxd5 {[%emt 0:00:26]} Nexd5 {[%emt 0:00:38]} 21. Nxd5 {[%emt 0:00:17]} Nxd5 {[%emt 0:00:05]} 22. Nd3 {[%emt 0:00:05]} c6 {[%emt 0:05:17]} 23. Nf4 {[%emt 0:00:48]} Qd7 {[%emt 0:02:14]} 24. Nxd5 {[%emt 0:02:31]} cxd5 {[%emt 0:01:36]} 1/2-1/2

[Event "30th Cracovia Festival-A 2019"]
[Site "Krakow"]
[Date "2019.12.30"]
[Round "5.4"]
[White "Kruglyakov, Pavlo"]
[Black "Golubka, Petro"]
[Result "1/2-1/2"]
[WhiteElo "2357"]
[BlackElo "2479"]
[Annotator "ChessBase"]
[PlyCount "31"]
[EventDate "2019.12.27"]
[EventCountry "POL"]
[SourceTitle "playchess.com"]
[Source "ChessBase"]
[SourceQuality "1"]
[TimeControl "40/5400+30:1800+30"]

1. e4 {[%emt 0:00:00]} e5 {[%emt 0:06:07]} 2. Nf3 {[%emt 0:00:00]} Nc6 {[%emt 0:00:50]} 3. Bb5 {[%emt 0:00:00]} a6 {[%emt 0:03:32]} 4. Ba4 {[%emt 0:00:00]} Nf6 {[%emt 0:00:42]} 5. O-O {[%emt 0:00:15]} Be7 {[%emt 0:05:15]} 6. Re1 {[%emt 0:05:02]} b5 {[%emt 0:01:14]} 7. Bb3 {[%emt 0:00:03]} d6 {[%emt 0:00:14]} 8. c3 {[%emt 0:02:13]} O-O {[%emt 0:00:34]} 9. h3 {[%emt 0:00:23]} Na5 {[%emt 0:07:39]} 10. Bc2 {[%emt 0:01:15]} c5 {[%emt 0:06:36]} 11. d4 {[%emt 0:07:00]} Qc7 {[%emt 0:05:29]} 12. Nbd2 {[%emt 0:04:26]} Bd7 {[%emt 0:02:12]} 13. dxe5 {[%emt 0:14:29]} dxe5 {[%emt 0:01:13]} 14. Nf1 {[%emt 0:00:29]} Rad8 {[%emt 0:01:55]} 15. Qe2 {[%emt 0:04:24]} Be6 {[%emt 0:00:59]} 16. Ne3 {[%emt 0:07:27]} 1/2-1/2